Ke arah satu sistem kesihatan baru

Bibliographic Details
Corporate Author: Persatuan Pengguna-Pengguna Pulau Pinang
Format: Book
Published: Pulau Pinang : Persatuan Pengguna-pengguna Pulau Pinang , c1982
Subjects:

MARC

LEADER 00000cam a2200000 7i4500
001 0000008957
005 20021119093000.0
008 021119n
090 0 0 |a RA541.M4   |b K42 
245 0 0 |a Ke arah satu sistem kesihatan baru 
260 2 |a Pulau Pinang :   |b Persatuan Pengguna-pengguna Pulau Pinang ,   |c c1982 
300 |a 44 ms. ; ;   |c 19 sm. 
650 0 |a Nutrition   |z Malaysia 
650 0 |a Public health   |z Malaysia 
710 0 0 |a Persatuan Pengguna-Pengguna Pulau Pinang 
999 |a 1000033951   |b Book   |c OPEN SHELF (30 DAYS)   |e Gong Badak Campus